| 000 | 00633nam a2200181Ia 4500 | ||
|---|---|---|---|
| 005 | 20260429112232.0 | ||
| 008 | 260429s9999||||xx |||||||||||||| ||und|| | ||
| 020 | _a9789392083990 | ||
| 041 | _aHindi | ||
| 082 |
_a891.434 _bSHA |
||
| 100 | _aशर्मा, सुरेंद्र | ||
| 245 | 0 |
_aअज्ञेय के कथा साहित्य में मानव -मूल्य / _cसुरेंद्र शर्मा |
|
| 250 | _a1st ed. | ||
| 260 |
_aनई दिल्ली : _bप्रकाशन संस्थान, _c2023. |
||
| 300 | _a424 p.; Hb | ||
| 650 | _aHindi essays | ||
| 942 | _cTB | ||
| 999 |
_c53043 _d53043 |
||